| 000 | 00572nam a22002051 4500 | ||
|---|---|---|---|
| 001 | 4535315 | ||
| 005 | 20180226073803.0 | ||
| 008 | 740410s1967 miu b 000 0 eng | ||
| 010 | _a 67011612 | ||
| 040 |
_aDLC _cDLC _dDLC |
||
| 041 | _aeng | ||
| 080 | _a170.202 OSB | ||
| 082 | 0 | 0 | _a170.202 OSB |
| 100 | 1 | _a48 | |
| 101 | _aPSI | ||
| 245 | 1 | 4 |
_aThe art of understanding yourself _c[by] Cecil G. Osborne. |
| 504 | _aBibliographical references included in "Acknowledgments" (p. 209-213) | ||
| 906 |
_a7 _bcbc _corignew _du _eocip _f19 _gy-gencatlg |
||
| 942 |
_2ddc _cBK |
||
| 999 |
_c43455 _d43455 |
||